The physiology of plants under stress (Record no. 11820)

MARC details
000 -LEADER
fixed length control field 00445nam a22001697a 4500
003 - CONTROL NUMBER IDENTIFIER
control field OSt
005 - DATE AND TIME OF LATEST TRANSACTION
control field 20211012110507.0
008 - FIXED-LENGTH DATA ELEMENTS--GENERAL INFORMATION
fixed length control field 211012b |||||||| |||| 00| 0 eng d
020 ## - INTERNATIONAL STANDARD BOOK NUMBER
International Standard Book Number 0-471-88997-0
040 ## - CATALOGING SOURCE
Transcribing agency Hawassa university
050 ## - LIBRARY OF CONGRESS CALL NUMBER
Classification number 581.24/HAL
082 ## - DEWEY DECIMAL CLASSIFICATION NUMBER
Classification number 581.24/HAL
100 ## - MAIN ENTRY--PERSONAL NAME
Personal name Hale maynard g.
9 (RLIN) 12732
245 ## - TITLE STATEMENT
Title The physiology of plants under stress
260 ## - PUBLICATION, DISTRIBUTION, ETC.
Place of publication, distribution, etc. New york
Name of publisher, distributor, etc. John wiley & sons
Date of publication, distribution, etc. 1987
942 ## - ADDED ENTRY ELEMENTS (KOHA)
Source of classification or shelving scheme Dewey Decimal Classification
Koha item type Books like text book referance book
Suppress in OPAC No
Holdings
Withdrawn status Lost status Source of classification or shelving scheme Damaged status Not for loan Home library Current library Date acquired Total Checkouts Full call number Barcode Date last seen Copy number Price effective from Koha item type
    Dewey Decimal Classification     College of Agriculture Library College of Agriculture Library 10/12/2021   581.24/HAL ALIB0004043 10/12/2021 C 16 10/12/2021 Books like text book referance book
    Dewey Decimal Classification     College of Agriculture Library College of Agriculture Library 10/12/2021   581.24/HAL ALIB0004044 10/12/2021 C 17 10/12/2021 Books like text book referance book
    Dewey Decimal Classification     College of Agriculture Library College of Agriculture Library 10/12/2021   581.24/HAL ALIB0004045 10/12/2021 C 18 10/12/2021 Books like text book referance book
    Dewey Decimal Classification     College of Agriculture Library College of Agriculture Library 10/12/2021   581.24/HAL ALIB0004046 10/12/2021 C 19 10/12/2021 Books like text book referance book